01508nam a22003255a 4500999001700000003000900017005001700026008004100043020001500084040004300099082002000142100005400162245029100216250002100507264005500528300002600583336002600609337002800635338002700663600007600690600006300766650004300829651006700872653002600939655002100965700003000986700002801016942001301044952012501057 c26868d26840EG-ScBUE20210316112057.0181008s2010 ii f 000 d eng d a8175810440 aEG-ScBUEbengerdacEG-ScBUEdEG-ScBUE04a822.33bSHA2221 aShakespeare, William,d1564-1616,eauthor.93076010aRichard II :bedited with a critical introduction, complete text with paraphrase, annotations and explanations and select textual problems /cWilliam Shakespeare ; [edited by] Raghukul Tilak, M. A., Ph.D., formerly head, Department of English, Meerut College, Anupam Gupta, M. A., Ph.D. aTwelfth edition. 1aNew Delhi :bRama Brothers India Pvt. Ltd.,c2010. ax, 406 pages ;c18 cm 2rdacontentatextbtxt 2rdamediaaunmediatedbn 2rdacarrieravolumebnc17aShakespeare, William,d1564-1616,xCriticism and interpretation.2BUEsh17aRichardbIII,cKing of England,d1452-1485,vDrama.2BUEsh 7aKings and rulers in literature.2BUEsh 7aGreat BritainxHistoryyRichard III, 1483-1485vDrama. 2BUEsh bHHUUEENNcOctober2018 vText book9337281 aTilak, Raghukul,eeditor.1 aGupta, Anupam,eeditor. 2ddccTXT 00102ddc40708BaccahaMAINbMAINc2NDd2018-10-08ePurchaseg35.00l0o822.33 SHAp000043610r2025-07-15 00:00:00yBB